00940nam0a22002411 4500001001100000005001700011021001900028035002600047100004100073101000800114102000700122105001800129200011400147210007000261215002200331225007400353606006600427700007600493701007000569801001800639801002200657852001900679rc\349493720250610024234.0 aRUb[72-65588] a(NLR Aleph) 007650547 a20130115d1972 |||y0rusy50 ca0 arus aRU aa z |||||1 aОплата труда, реальные доходы, материальное стимулирование aСвердловскcСред.-Урал. кн. изд-воd1972 a41 с.cил.d171 aЭкономическая библиотечка рабочегоv7 aЭкономическое стимулирование2psbo 1aБараковскаяbП.В.gПрасковья Варламовна 1aВологжанинbВ.С.gВалерий Семенович 0aRUbNLRgpsbo 1aRUbELAR2rusmarc aNLRj72-2/1385